Desarrollo de un programa para el autoaprendizaje de interfaces de operador
Na minha lista:
| Autor principal: | |
|---|---|
| Formato: | Livro |
| Publicado em: |
San José, C.R.
2001
|
| Assuntos: | |
| Tags: |
Adicionar Tag
Sem tags, seja o primeiro a adicionar uma tag!
|
MARC
| LEADER | 00000nam a2200000Ia 4500 | ||
|---|---|---|---|
| 003 | 008896 | ||
| 005 | 20221231144156.0 | ||
| 008 | 140114s2001 cr a m 000 ||s d | ||
| 040 | |c cru CEDI | ||
| 090 | |a TFG 4457 | ||
| 100 | |a Jiménez Cordero, Adrián |9 7471 | ||
| 245 | |a Desarrollo de un programa para el autoaprendizaje de interfaces de operador | ||
| 260 | |c 2001 |a San José, C.R. | ||
| 300 | |a viii, 31 hojas : ilustraciones (algunas a color) | ||
| 500 | |a Proyecto de graduación (bachillerato en ingeniería eléctrica)--Universidad de Costa Rica. Facultad de Ingeniería. Escuela de Ingeniería Eléctrica | ||
| 650 | |x CONTROLADORES LOGICOS PROGRAMABLES |x CONTROL AUTOMATICO |x SISTEMAS DE TRANSMISION DE DATOS |x INTERFASES CON EL USUARIO (SISTEMA PARA COMPUTADORA) |x PROGRAMAS PARA COMPUTADORA |x DISEÑO |9 7473 | ||
| 942 | |c TFG | ||
| 999 | |c 17984 |d 17984 | ||
